00466 a2200169 4500022001200000050002100012100002100033245006200054264003800116300001100154500001900165650003300184651001700217700002200234700002500256700001500281 INo ISSN aKTL19.A35SOU1978 aDuncan Geeditor aSouth African law reports:b1978(3) - JulycDavid, Fisher aCape Town:bJuta & Company,c1978 a374p : aIncludes index aLaw reports -- South Africa aSouth Africa aBarnett Meeditor aBuchanan J Leeditor aFisher D S